|
|
|
|
| LEADER |
02079nam a2200469 i 4500 |
| 001 |
EBC3116873 |
| 003 |
MiAaPQ |
| 005 |
20200520144314.0 |
| 006 |
m o d | |
| 007 |
cr cnu|||||||| |
| 008 |
141104t20142014coua ob 001 0 eng d |
| 020 |
|
|
|z 9781625760166
|
| 020 |
|
|
|a 9781616002773
|q (electronic bk.)
|
| 035 |
|
|
|a (MiAaPQ)EBC3116873
|
| 035 |
|
|
|a (Au-PeEL)EBL3116873
|
| 035 |
|
|
|a (CaPaEBR)ebr10958051
|
| 035 |
|
|
|a (OCoLC)939263326
|
| 040 |
|
|
|a MiAaPQ
|b eng
|e rda
|e pn
|c MiAaPQ
|d MiAaPQ
|
| 043 |
|
|
|a n-us---
|
| 050 |
|
4 |
|a HD4461
|b . A447 2014
|
| 082 |
0 |
|
|a 363.6/10681
|2 23
|
| 110 |
2 |
|
|a American Water Works Association.
|
| 245 |
1 |
0 |
|a Water utility capital financing /
|c American Water Works Association.
|
| 250 |
|
|
|a Fourth edition.
|
| 264 |
|
1 |
|a Denver, Colorado :
|b American Water Works Association,
|c 2014.
|
| 264 |
|
4 |
|c 2014
|
| 300 |
|
|
|a 1 online resource (169 pages) :
|b illustrations.
|
| 336 |
|
|
|a text
|2 rdacontent
|
| 337 |
|
|
|a computer
|2 rdamedia
|
| 338 |
|
|
|a online resource
|2 rdacarrier
|
| 490 |
1 |
|
|a Manual of Water Supply Practices ;
|v M29
|
| 504 |
|
|
|a Includes bibliographical references at the end of each chapters and index.
|
| 588 |
|
|
|a Description based on print version record.
|
| 590 |
|
|
|a Electronic reproduction. Ann Arbor, MI : ProQuest, 2015. Available via World Wide Web. Access may be limited to ProQuest affiliated libraries.
|
| 650 |
|
0 |
|a Municipal water supply
|z United States
|x Finance
|v Handbooks, manuals, etc.
|
| 650 |
|
0 |
|a Waterworks
|z United States
|x Finance
|v Handbooks, manuals, etc.
|
| 650 |
|
0 |
|a Water utilities
|x Finance
|z United States
|v Handbooks, manuals, etc.
|
| 655 |
|
4 |
|a Electronic books.
|
| 776 |
0 |
8 |
|i Print version:
|a American Water Works Association.
|t Water utility capital financing.
|b Fourth edition.
|d Denver, Colorado : American Water Works Association, c2014
|h xiii, 154 pages
|k AWWA manual ; M29.
|z 9781625760166
|w 2014030193
|
| 797 |
2 |
|
|a ProQuest (Firm)
|
| 830 |
|
0 |
|a AWWA manual ;
|v M29.
|
| 856 |
4 |
0 |
|u https://ebookcentral.proquest.com/lib/matrademy/detail.action?docID=3116873
|z Click to View
|